Normal view
MARC view
Entry Topical Term
001 - CONTROL NUMBER
- control field: 50277
003 - CONTROL NUMBER IDENTIFIER
- control field: OSt
005 - DATE AND TIME OF LATEST TRANSACTION
- control field: 20250121105220.0
008 - FIXED-LENGTH DATA ELEMENTS
- fixed length control field: 250121|| aca||aabn | a|a d
040 ## - CATALOGING SOURCE
- Original cataloging agency: OSt
- Transcribing agency: OSt
150 ## - HEADING--TOPICAL TERM
- Topical term or geographic name entry element: Caste census
670 ## - SOURCE DATA FOUND
- Source citation: Work cat.: (OSt)525496: Khan, M.D., Ehtesham and Ghosh, Anjani kumar 50276, Caste-based census in Bihar: Why is it politically significant?
